000 00952nas a2200325 4500
001 BR2010001960
003 BR-BrBNA
005 20231205114010.0
007 ta
008 230509b bl.|||p| |||| 00| 00por d
040 _aBR-BrBNA
_bpor
_cBiblioteca Nacional de Agricultura
041 _a(Pt)
072 _aP36
100 1 _aSouza, F.S. de
100 1 _aSilva, M.L.N.
100 1 _aCuri, N.
100 1 _aAvanzi, J.C.
100 1 _aPinho, R.G. von
100 1 _aLima, G.C.
245 1 _aÍndice de cobertura vegetal pela cultura do milho no período de chuvas intensas no sul de Minas Gerais
650 _aMILHO
650 _aCHUVA
650 _aEROSÃO HÍDRICA
650 _aENXURRADA
650 _aESCOAMENTO
650 _aMINAS GERAIS
773 0 _tCiência e Agrotecnologia (Brazil)
_xISSN 1413-7054
_g(Mar-Apr 2010), v. 34(2) p. 345-351
_wBR2010001960
909 _a202311
_bLúcia
_c55
_dLúcia Elande
942 _2AGRIS
_n0
_cANA
999 _c206648
_d206648